| 000 | 00631nam a2200205Ia 4500 | ||
|---|---|---|---|
| 003 | OSt | ||
| 005 | 20210817145851.0 | ||
| 008 | 210310s1972 ck gr 001 0 spa d | ||
| 040 |
_aCO-JMCR _cCO-JMCR |
||
| 041 | 0 | _aspa | |
| 082 | 0 | 4 |
_a332.632 / _bA837t _223 |
| 110 | 2 |
_aAsociación Bancaria de Colombia _98022 |
|
| 245 | 1 | 0 |
_aTítulos Valores / _cAsociación Bancaria de Colombia |
| 260 |
_aBogotá : _bAsociación Bancaria de Colombia, _c1972 |
||
| 300 |
_avii, 99 páginas ; _c28 cm. |
||
| 500 | _aIncluye índice analítico. | ||
| 505 | 0 | _aTítulos valores | |
| 650 | 1 | 4 |
_aTítulos valores _916906 _zColombia |
| 942 |
_2ddc _cBK |
||
| 999 |
_c8308 _d8308 |
||